Dracula /

সংরক্ষণ করুন:
গ্রন্থ-পঞ্জীর বিবরন
প্রধান লেখক: Stoker, Bram (লেখক)
অন্যান্য লেখক: Fedi, Remo (অনুবাদক)
বিন্যাস: গ্রন্থ
ভাষা:ইতালিয়
প্রকাশিত: Milano : SugarCo edizioni, 1979
মালা:I giorni ; 59
ট্যাগগুলো: ট্যাগ যুক্ত করুন
কোনো ট্যাগ নেই, প্রথমজন হিসাবে ট্যাগ করুন!

MARC

LEADER 00000nam a22000007i 4500
001 IT\ICCU\RAV\0024871
003 ItRI
005 20260115232236.0
008 880224s1979 it |||||| ||||| |||||c
015 |2 IT  |a 8010309 
040 |b ita  |c importazione bologna sebina 
041 7 |a ita  |2 ISO-639-2 
082 |a 823.8  |9 NARRATIVA INGLESE. 1837-1900  |2 18 
100 1 |a Stoker, Bram  |0 IT\ICCU\CFIV\052291  |4 aut 
240 1 0 |a Dracula  |3 IT\ICCU\CFI\0082248  |9 Stoker, Bram 
245 1 0 |a Dracula /  |c Bram Stoker. 
260 |a Milano :  |b SugarCo edizioni,  |c 1979 
300 |a 347 p. ;  |c 22 cm. 
700 1 |a Fedi, Remo  |0 IT\ICCU\TO0V\091641  |4 trl 
790 1 |a Stoker, Abraham  |3 IT\ICCU\CFIV\172864  |z Stoker, Bram 
790 1 |a Stoker, Bran  |3 IT\ICCU\CFIV\202349  |z Stoker, Bram 
830 2 |a I giorni ;  |v 59  |0 IT\ICCU\CFI\0017960 
942 |2 ddc  |c BK  |n 0 
952 |0 0  |1 0  |4 0  |6 DOC_823_800000000000000_STO  |7 0  |9 22735  |a BO  |b BO  |d 2026-01-15  |i 13683  |l 0  |o DOC 823.8 STO  |p BO13683  |r 2026-01-15 23:22:36  |w 2026-01-15  |x [Sebina 5] [1 v.]  |y BK  |z 1 v. 
999 |c 19409  |d 19409